000 01411nam a2200337 a 4500
001 ebr10719134
003 CaPaEBR
006 m o u
007 cr cn|||||||||
008 150303s2013 inua s 001 0 eng d
020 _z9781118544860
020 _z9781118758281 (e-book)
020 _z9781118758106 (e-book)
040 _aCaPaEBR
_cCaPaEBR
035 _a(OCoLC)859157029
050 1 4 _aT353
_b.W348 2013eb
082 0 4 _a620.0042028566
_223
100 1 _aWaguespack, Curtis.
245 1 0 _aMastering autodesk inventor 2014 and autodesk inventor lt 2014
_h[electronic resource] /
_cCurtis Waguespack.
260 _aIndianapolis, Ind. :
_bSybex ; :
_bAutodesk,
_cc2013.
300 _a1 online resource (xxxii, 1000 p.) :
_bill. (some col.)
500 _aIncludes index.
533 _aElectronic reproduction.
_bPalo Alto, Calif. :
_cebrary,
_d2015.
_nAvailable via World Wide Web.
_nAccess may be limited to ebrary affiliated libraries.
588 _aDescription based on online resource; title from title page (ebrary, viewed June 21, 2013).
630 0 0 _aAutodesk Inventor (Electronic resource)
650 0 _aEngineering graphics.
650 0 _aEngineering models
_xData processing.
655 7 _aElectronic books.
_2local
710 2 _aebrary, Inc.
856 4 0 _uhttp://site.ebrary.com/lib/rucke/Doc?id=10719134
_zAn electronic book accessible through the World Wide Web; click to view
999 _c28147
_d28147